LDR 00724naa#a2200169#i#450# 001 EN\\bibl\121682 005 20260605170317.5 011 ## _a2500-1795 100 ## _a20260525b2026####ek#y0engy0150####ca 102 ## _aRU 200 1# _aVISUAL PRINCIPLE AS ACTION IN MODERN RUSSIAN PROSE: SERGEY SHARGUNOV _eJournal article 210 1# _aNizhnevartovsk _cNizhnevartovsk State University _d2026 215 ## _a8 с. 608 ## _aJournal article _2local 675 ## _aЯзыкознание. Филология. Художественная литература. Литературоведение. 8 _aХудожественная литература. Литературоведение. 82 _z 700 #1 _aBezrukov _gAndrei N. 856 4# _anvsu.editorum.ru _u